000 00471nam a2200181Ia 4500
005 20250508163114.0
008 008 250505s9999 xx 000 0 hin d
037 _aTextual
040 _aFEDL
_beng
_cFEDL
041 _ahin
_2eng
084 _aFH, ANA
_qFEDL
100 _aAnand Satyapal
_9177985
245 0 _aHaji baba isfahani
260 _aLudhiana, India
_bSahitya Sangam
300 _a111p.
942 _cTEXL
_hFH, ANA
999 _c1380867
_d1380867